00395nam a2200085Ia 4500008004100000245014900041260000900190300008600199650002400285180130s9999 xx 000 0 und d cPaldino, Silvia; Bojic, Iva; Sobolevsky, Stanislav; Ratti, Carlo; Gonzalez, Marta C.aUrban magnetism through the lens of geo-tagged photography c2016 aBook title: Knowledge discovery in databases--Acession number C20553; pages 78-94 aKNOWLEDGE DISCOVERY